[Event "EGY-chT"]
[Site "Egypt"]
[Date "2016.05.11"]
[Round "7.3"]
[White "Ameir, Moheb"]
[Black "Abdel Elah, Ahmed"]
[Result "1-0"]
[WhiteElo "2431"]
[BlackElo "2128"]
[PlyCount "89"]
[EventDate "2016.05.05"]
[EventType "team-tourn"]
[EventRounds "9"]
[EventCountry "EGY"]
[SourceTitle "CBM 172 Extra"]
[Source "ChessBase"]
[SourceDate "2016.06.21"]
[SourceVersion "1"]
[SourceVersionDate "2016.06.21"]
[SourceQuality "1"]
[WhiteTeam "Sharkia Dokhan"]
[BlackTeam "Gezeret Elward"]
[WhiteTeamCountry "EGY"]
[BlackTeamCountry "EGY"]

1. e4 e5 2. Nf3 Nc6 3. Bc4 Nf6 4. Ng5 d5 5. exd5 Na5 6. Bb5+ c6 7. dxc6 bxc6 8. Bd3 Nd5 9. Nf3 Bd6 10. 0-0 0-0 11. Re1 Re8 12. Nc3 Nf4 13. Bf1 f5 14. d4 e4 15. Bxf4 Bxf4 16. b4 Nb7 17. Bc4+ Kh8 18. Ne5 Nd6 19. Bf7 Rxe5 20. dxe5 Nxf7 21. Nxe4 fxe4 22. Rxe4 Bg5 23. Qf3 Be6 24. Rd1 Qe7 25. Qc3 Bd5 26. Re2 Rb8 27. a3 Qe6 28. Qd4 a6 29. f4 Bd8 30. c4 Bxc4 31. f5 Qd5 32. Qa1 Bb6+ 33. Kh1 Bxe2 34. Rxd5 cxd5 35. e6 d4 36. exf7 Rf8 37. Qa2 Bh5 38. Qe6 Bxf7 39. Qxb6 Rc8 40. h4 d3 41. Qd4 Bc4 42. h5 Kg8 43. f6 Kf7 44. Qd7+ Kxf6 45. Qxc8 1-0

[Event "Mahalla op 16th"]
[Site "Mahalla"]
[Date "2015.07.31"]
[Round "8"]
[White "Neim, Mosad"]
[Black "Abdel Elah, Ahmed"]
[Result "0-1"]
[WhiteElo "1792"]
[BlackElo "2101"]
[PlyCount "84"]
[EventDate "2015.07.24"]
[EventType "swiss"]
[EventRounds "9"]
[EventCountry "EGY"]
[SourceTitle "EXT 2016"]
[Source "ChessBase"]
[SourceDate "2015.10.08"]
[SourceVersion "1"]
[SourceVersionDate "2015.10.08"]
[SourceQuality "1"]

1. e4 c5 2. Nf3 Nc6 3. d4 cxd4 4. Nxd4 e5 5. Nb5 d6 6. N1c3 a6 7. Na3 b5 8. Nd5 Nge7 9. Bg5 Be6 10. c4 b4 11. Nc2 a5 12. Bxe7 Bxe7 13. Nce3 0-0 14. Bd3 Bg5 15. 0-0 Kh8 16. b3 Nd4 17. Qb1 Bxe3 18. fxe3 Nc6 19. Qc2 Qg5 20. Qf2 Bxd5 21. cxd5 Nd8 22. Rac1 Qe7 23. Qc2 Nb7 24. Qc7 Qxc7 25. Rxc7 Nc5 26. Bc2 Kg8 27. Rc1 Rfc8 28. Rxc8+ Rxc8 29. Bb1 Kf8 30. Kf1 Ke7 31. Rc4 Rf8 32. Kf2 h5 33. Rc1 Rh8 34. Kg3 Rh6 35. Rf1 Rg6+ 36. Kf2 Rf6+ 37. Ke2 Rxf1 38. Kxf1 f5 39. exf5 e4 40. h3 Kf6 41. g4 hxg4 42. h4 Kxf5 0-1

[Event "Golden Sands Europe op 3rd"]
[Site "Golden Sands"]
[Date "2014.06.15"]
[Round "6"]
[White "Abdel Elah, Ahmed"]
[Black "Kyrychenko, Mykola"]
[Result "1-0"]
[WhiteElo "2167"]
[BlackElo "1852"]
[PlyCount "117"]
[EventDate "2014.06.10"]
[EventType "swiss"]
[EventRounds "9"]
[EventCountry "BUL"]
[SourceTitle "CBM 160 Extra"]
[Source "ChessBase"]
[SourceDate "2014.07.01"]
[SourceVersion "1"]
[SourceVersionDate "2014.07.01"]
[SourceQuality "1"]

1. e4 c5 2. Nf3 d6 3. d4 cxd4 4. Nxd4 Nf6 5. Nc3 a6 6. Bg5 e5 7. Bxf6 Qxf6 8. Nd5 Qd8 9. Nf5 Bxf5 10. exf5 Be7 11. g3 Nd7 12. Bg2 Nb6 13. Nc3 Rb8 14. 0-0 0-0 15. Qd3 Qc8 16. Rad1 Rd8 17. Bd5 Nd7 18. h4 b5 19. Bb3 Nf6 20. Qf3 b4 21. Nd5 Nxd5 22. Rxd5 Rd7 23. Rfd1 Rb6 24. Qe4 Rc7 25. Qf3 Rc5 26. Qh5 Rxd5 27. Rxd5 g6 28. fxg6 hxg6 29. Qxg6+ fxg6 30. Rc5+ Qe6 31. Bxe6+ Kg7 32. Rc8 Rb5 33. Bc4 Ra5 34. Rc7 Kf6 35. Rc6 Rc5 36. Rxc5 dxc5 37. Bxa6 Bf8 38. Kf1 Bh6 39. a4 bxa3 40. bxa3 g5 41. h5 g4 42. Bd3 Bd2 43. Ke2 Bc3 44. h6 Bd4 45. c4 Kf7 46. a4 Bc3 47. Be4 Kf6 48. h7 Kg7 49. f3 gxf3+ 50. Kxf3 Be1 51. Kg4 Kh8 52. Kh3 Kg7 53. g4 Bd2 54. Kh4 Ba5 55. g5 Be1+ 56. Kg4 Bd2 57. Kf5 Kxh7 58. Kxe5+ Kg7 59. g6 1-0

[Event "Golden Sands Europe op 3rd"]
[Site "Golden Sands"]
[Date "2014.06.13"]
[Round "4"]
[White "Videnova, Iva"]
[Black "Abdel Elah, Ahmed"]
[Result "1/2-1/2"]
[WhiteElo "2329"]
[BlackElo "2167"]
[PlyCount "184"]
[EventDate "2014.06.10"]
[EventType "swiss"]
[EventRounds "9"]
[EventCountry "BUL"]
[SourceTitle "CBM 160 Extra"]
[Source "ChessBase"]
[SourceDate "2014.07.01"]
[SourceVersion "1"]
[SourceVersionDate "2014.07.01"]
[SourceQuality "1"]

1. e4 e5 2. Nf3 Nc6 3. Bb5 a6 4. Ba4 Nf6 5. 0-0 Bc5 6. c3 b5 7. Bb3 d6 8. d4 Bb6 9. a4 Bb7 10. Re1 0-0 11. Bg5 h6 12. Bh4 Re8 13. axb5 axb5 14. Rxa8 Bxa8 15. Na3 g5 16. Nxg5 hxg5 17. Bxg5 exd4 18. Qf3 Ne5 19. Qxf6 Qxf6 20. Bxf6 dxc3 21. bxc3 Bxf2+ 22. Kxf2 Nd3+ 23. Kf1 Nxe1 24. Kxe1 Rxe4+ 25. Kd2 Rf4 26. Bd8 b4 27. cxb4 Rxb4 28. Bc2 Bxg2 29. Bxc7 Rh4 30. Nb5 Rxh2 31. Bxd6 Rh5 32. Nc7 Bc6 33. Ke3 Ra5 34. Kf4 Ra1 35. Ke5 Re1+ 36. Kd4 Rh1 37. Bb3 Rb1 38. Bc2 Rh1 39. Bf5 Rf1 40. Bc8 Kg7 41. Be5+ Kg6 42. Ba6 Rd1+ 43. Kc5 Be4 44. Bc4 f6 45. Bd6 Bb1 46. Nd5 f5 47. Nf4+ Kf6 48. Bc7 Be4 49. Ba5 Kg5 50. Ne6+ Kh4 51. Bc3 Rd7 52. Be1+ Kg4 53. Nd4 Rc7+ 54. Kb4 Rc8 55. Be2+ Kf4 56. Bf2 Ke5 57. Ba6 Rc1 58. Nb3 Rc2 59. Ba7 Kf4 60. Bb8+ Kg4 61. Be5 Ra2 62. Bc8 Ra8 63. Bd7 Rd8 64. Nc5 Bb1 65. Kc3 Ra8 66. Kb2 Ba2 67. Bb5 Bd5 68. Nd7 Be4 69. Be2+ Kg5 70. Kc3 Rc8+ 71. Kd4 Ra8 72. Bd6 Ra2 73. Ke3 Ra7 74. Be7+ Kh6 75. Bf8+ Kg5 76. Ne5 Kf6 77. Nc4 Rh7 78. Bd6 Rh3+ 79. Kf4 Bd3 80. Be5+ Ke6 81. Bxd3 Rxd3 82. Bg7 Rb3 83. Nd2 Rb4+ 84. Kf3 Kf7 85. Bc3 Ra4 86. Bh8 Kg6 87. Nf1 Kg5 88. Ne3 Ra3 89. Be5 Ra4 90. Nd5 Ra3+ 91. Ne3 Ra4 92. Nd5 Ra3+ 1/2-1/2

[Event "Golden Sands Europe op 3rd"]
[Site "Golden Sands"]
[Date "2014.06.12"]
[Round "3"]
[White "Abdel Elah, Ahmed"]
[Black "Lisnichuk, Mykola"]
[Result "1-0"]
[WhiteElo "2167"]
[BlackElo "1803"]
[PlyCount "55"]
[EventDate "2014.06.10"]
[EventType "swiss"]
[EventRounds "9"]
[EventCountry "BUL"]
[SourceTitle "CBM 160 Extra"]
[Source "ChessBase"]
[SourceDate "2014.07.01"]
[SourceVersion "1"]
[SourceVersionDate "2014.07.01"]
[SourceQuality "1"]

1. e4 c5 2. Nf3 d6 3. d4 cxd4 4. Nxd4 Nf6 5. Nc3 a6 6. Bg5 Nbd7 7. f4 b5 8. Qf3 Bb7 9. Bd3 Qb6 10. Nb3 e6 11. 0-0-0 Be7 12. Bh4 b4 13. Ne2 e5 14. Ng3 g6 15. Rhf1 Rf8 16. Nd2 Qc7 17. Qe2 Nxe4 18. Bxe4 Bxh4 19. Bxb7 Qxb7 20. Nc4 Be7 21. Ne4 Qc7 22. Nexd6+ Bxd6 23. Nxd6+ Ke7 24. fxe5 Nc5 25. Qf3 Nd7 26. Qd5 f5 27. exf6+ Nxf6 28. Qe5+ 1-0

[Event "Albena Masters op"]
[Site "Albena"]
[Date "2014.06.08"]
[Round "8"]
[White "Mladenov, Emil"]
[Black "Abdel Elah, Ahmed"]
[Result "0-1"]
[WhiteElo "2045"]
[BlackElo "2167"]
[PlyCount "120"]
[EventDate "2014.06.01"]
[EventType "swiss"]
[EventRounds "9"]
[EventCountry "BUL"]
[SourceTitle "CBM 160 Extra"]
[Source "ChessBase"]
[SourceDate "2014.07.01"]
[SourceVersion "1"]
[SourceVersionDate "2014.07.01"]
[SourceQuality "1"]

1. e4 e5 2. Nc3 d6 3. g3 g6 4. Bg2 Bg7 5. Nge2 Ne7 6. d4 Nd7 7. Be3 0-0 8. Qd2 Nb6 9. b3 Bd7 10. Bh6 Bxh6 11. Qxh6 exd4 12. Nxd4 Nc6 13. Nde2 Qf6 14. 0-0 a5 15. a3 a4 16. Nb5 Ne5 17. Nxc7 Rac8 18. Qe3 Rxc7 19. Qxb6 Rxc2 20. Nd4 Rb2 21. Rab1 Rxb1 22. Rxb1 Nd3 23. f4 Qe7 24. bxa4 Nc5 25. Re1 Ra8 26. a5 Bc8 27. Re2 Ra6 28. Qb4 Qd8 29. Rd2 Qxa5 30. Nb5 Bd7 31. Nxd6 Qxb4 32. axb4 Nb3 33. Rd1 Bg4 34. Rd3 Ra1+ 35. Bf1 Bh3 36. Kf2 Rxf1+ 37. Ke3 Re1+ 38. Kf2 Nc1 39. Rd2 Rh1 40. Ke3 b6 41. Nc4 Re1+ 42. Kf3 h5 43. e5 Bg4+ 44. Kf2 Re2+ 45. Rxe2 Bxe2 46. Nxb6 Ba6 47. Ke3 Na2 48. Nd5 Bb7 49. Nf6+ Kf8 50. b5 Nc3 51. b6 Na4 52. f5 Nxb6 53. fxg6 fxg6 54. Kf4 Nd5+ 55. Kg5 Nxf6 56. Kxf6 Be4 57. h3 Ke8 58. Kg5 Kf7 59. g4 hxg4 60. Kxg4 Bf5+ 0-1